000 00642nam a2200205Ia 4500
003 GCL
008 140319s9999 xx 000 0 ara d
040 _aGCL /
_cGCL
082 0 4 _a352.62
_bم ا
100 1 _aمصطفى الجندى
245 1 0 _aالادارة المحلية واستراتجيتها /
_cمصطفى الجندى
260 _a[S.N] :
_bمنشاة المعارف الاسلامية ،
_c1987
300 _a277 ص
490 _a
650 0 4 _aالعصر الحديث
650 0 4 _aمصر القديمة
650 0 4 _aالادارة المحلية
650 0 4 _aالتنمية الاقتصادية
942 _2ddc
_cBK
999 _c54651
_d54651